La Silicosis en la industria : folleto de divulgación [...] como aportación experimental al Congreso de Medicina y Seguridad del Trabajo, que ha de celebrarse en Bilbao durante los días 16 al 21 de agosto de 1943, organizado por el Ministerio del Trabajo folleto de divulgación [...] como aportación experimental al Congreso de Medicina y Seguridad del Trabajo, que ha de celebrarse en Bilbao durante los días 16 al 21 de agosto de 1943, organizado por el Ministerio del Trabajo
Publicado:
Barcelona :
Servicio Mutual de Reconocimiento Médico y Prevención contra la Silicosis (S.E.R.S.I.) ,
1943
Descripción Física:
76, [8] p. de làm. ; 23 cm
Materias:
Pneumoconiosi
MARC
| LEADER | 00000nam a2200000Ia 4500 | ||
|---|---|---|---|
| 001 | 10937 | ||
| 008 | 160829s1943 xx 000 0 cat d | ||
| 080 | |a C-1-518 | ||
| 245 | |a La Silicosis en la industria : |b folleto de divulgación [...] como aportación experimental al Congreso de Medicina y Seguridad del Trabajo, que ha de celebrarse en Bilbao durante los días 16 al 21 de agosto de 1943, organizado por el Ministerio del Trabajo | ||
| 260 | |a Barcelona : |b Servicio Mutual de Reconocimiento Médico y Prevención contra la Silicosis (S.E.R.S.I.), |c 1943 | ||
| 300 | |a 76, [8] p. de làm. ; |c 23 cm | ||
| 650 | |a Pneumoconiosi |9 20745 | ||
| 700 | |a Servicio Mutual de Reconocimiento Médico y Prevención contra la Silicosis |9 20746 | ||
| 901 | |a Arxiu | ||
| 942 | |n 1 | ||
| 952 | |0 0 |1 0 |4 0 |6 C1518 |7 1 |9 41648 |a Arxiu |b Arxiu |d 2016-12-01 |l 0 |o C-1-518 |p 10937 |r 2016-12-01 00:00:00 |w 2016-12-01 |y ARXIU | ||
| 999 | |c 43538 |d 43538 | ||